Cheats at work : an anthropology of workplace crime
Αποθηκεύτηκε σε:
| Κύριος συγγραφέας: | |
|---|---|
| Μορφή: | Βιβλίο |
| Γλώσσα: | English |
| Δημοσίευση: |
Aldershot :
Ashgate/Dartmouth,
c1999
|
| Θέματα: | |
| Ετικέτες: |
Προσθήκη ετικέτας
Δεν υπάρχουν, Καταχωρήστε ετικέτα πρώτοι!
|
MARC
| LEADER | 00000nam a2200000 i 4500 | ||
|---|---|---|---|
| 001 | 1/94355 | ||
| 008 | 991126s1999 eng d | ||
| 020 | |a 1-85521-528-4 | ||
| 035 | |l 10054772 | ||
| 040 | |a GR-MY-UA |b gre |e aacr | ||
| 041 | 0 | |a eng | |
| 082 | 0 | |a 364.168 | |
| 100 | 1 | |a Mars, Gerald. | |
| 245 | 1 | 0 | |a Cheats at work : |b an anthropology of workplace crime / |c Gerald Mars |
| 260 | |a Aldershot : |b Ashgate/Dartmouth, |c c1999 | ||
| 300 | |a 242 p. | ||
| 504 | |a Includes bibliographical references and index | ||
| 650 | 0 | 0 | |a White collar crimes. |
| 650 | 0 | 0 | |a Commercial crimes. |
| 650 | 0 | 0 | |a Business anthropology. |
| 852 | |a INST |b LESVOS |e 19991126 |h 364.168 MAR |p 005100022132 |q 005100022132 |t BK |y 0 | ||
| 901 | |a BIBL1-2000-1 | ||
| 909 | |a Λ |b 070215 | ||
| 922 | |a 1ΕΛΗ |b 199911 |c ΚΠΣ/ΤΚΑ |d LEADER | ||
| 950 | |a 117-1999-07-30 | ||
| 970 | |a ΤΖΑΦΕΡΗ |b ΕΥΑΓΓΕΛΙΑ |z 2000/01/20 | ||